| 000 | 00971cam a2200289 a 4500 | ||
|---|---|---|---|
| 999 |
_c1665 _d1665 |
||
| 001 | 15163230 | ||
| 003 | OSt | ||
| 005 | 20210629100638.0 | ||
| 008 | 080131s2009 maua b 001 0 eng | ||
| 010 | _a 2008922116 | ||
| 020 | _a9780495504245 (pbk.) | ||
| 020 | _a0495504246 (pbk.) | ||
| 040 |
_aDLC _cDLC _dDLC |
||
| 050 | 0 | 0 |
_aPN412 _b.H36 2009 |
| 082 | 0 | 0 |
_a808.5/1 _222 |
| 100 | 1 | _aHamilton, Cheryl. | |
| 245 | 1 | 0 |
_aEssentials of public speaking / _cCheryl Hamilton. |
| 250 | _a4th ed. | ||
| 260 |
_aBoston, MA : _bWadsworth Cengage Learning, _cc2009. |
||
| 300 |
_axxxiii, 378 p. : _bill. (some col.) ; _c26 cm. |
||
| 500 | _a"Cengage advantage books"--Cover. | ||
| 504 | _aIncludes bibliographical references (p. 343-356) and index. | ||
| 650 | 0 | _aPublic speaking. | |
| 906 |
_a7 _bcbc _corignew _d2 _eepcn _f20 _gy-gencatlg |
||
| 942 |
_2lcc _cBK _nDO |
||